[Event "Qatar Masters Open 2024"]
[Site "Doha QAT"]
[Date "2024.12.09"]
[Round "6.27"]
[White "Al Hosani, Omran"]
[Black "Xu, Zhihang"]
[Result "0-1"]
[WhiteTitle "IM"]
[BlackTitle "IM"]
[WhiteElo "2239"]
[BlackElo "2511"]
[WhiteFideId "9308733"]
[BlackFideId "8611572"]
[EventDate "2024.12.03"]

1. e4 e5 2. Nf3 Nc6 3. d4 exd4 4. Nxd4 Nf6 5. Nc3 Bb4 6. Nxc6 bxc6 7. Bd3 d5 8.
Bd2 Rb8 9. O-O O-O 10. Re1 Re8 11. exd5 Rxe1+ 12. Bxe1 cxd5 13. Rb1 c6 14. h3
Bd6 15. Ne2 c5 16. c4 d4 17. b4 cxb4 18. Nxd4 Bd7 19. Bf5 a5 20. Bxd7 Qxd7 21.
Nb5 Bc5 22. Qxd7 Nxd7 23. a3 bxa3 24. Ra1 a4 25. Nxa3 Rb3 26. Nb5 Nb6 27. Bc3 f6
28. Kf1 Kf7 29. Ke2 Kg6 30. Ra2 Nxc4 31. Rxa4 Nb6 32. Ra5 Nd5 33. Kd3 Nxc3 34.
Nxc3 Bb4 35. Kc4 Bxc3 36. Ra4 Rb2 37. Kxc3 Rxf2 38. Rg4+ Kf7 39. Kd3 h5 40. Rg3
g5 41. h4 g4 42. Ke3 Ra2 43. Ke4 Kg6 0-1

[Event "Qatar Masters Open 2024"]
[Site "Doha QAT"]
[Date "2024.12.09"]
[Round "6.28"]
[White "Quesada Perez, Luis Ernesto"]
[Black "Abdurakhmonov, Mukhammadali"]
[Result "1/2-1/2"]
[WhiteTitle "GM"]
[BlackTitle "IM"]
[WhiteElo "2564"]
[BlackElo "2395"]
[WhiteFideId "3520773"]
[BlackFideId "14207346"]
[EventDate "2024.12.03"]

1. d4 Nf6 2. c4 e6 3. Nf3 d5 4. Nc3 Bb4 5. cxd5 exd5 6. Bg5 h6 7. Bh4 g5 8. Bg3
Ne4 9. Nd2 Nxg3 10. hxg3 c6 11. Qc2 Nd7 12. a3 Be7 13. e3 Nb6 14. Bd3 Be6 15.
O-O-O Qc7 16. f4 O-O-O 17. Nf3 Kb8 18. Kb1 a6 19. Ne5 Bd6 20. Rc1 f6 21. Nf3 Bg4
22. Ka1 Rde8 23. Rhe1 Bxf3 24. gxf3 c5 25. Nb5 axb5 26. dxc5 gxf4 27. gxf4 Bxf4
28. exf4 Nc4 29. Bxc4 Rxe1 30. Rxe1 bxc4 31. Qf5 Qxc5 32. Qxf6 Rc8 33. Qe5+ Ka7
34. Rd1 c3 35. Qxc3 Qxc3 36. bxc3 Rxc3 37. Rxd5 Rxf3 38. Ra5+ Kb8 39. f5 b6 40.
Rb5 1/2-1/2

[Event "Qatar Masters Open 2024"]
[Site "Doha QAT"]
[Date "2024.12.09"]
[Round "6.29"]
[White "Kukhmazov, Arsen"]
[Black "Bharadia Yash"]
[Result "1-0"]
[WhiteTitle "IM"]
[BlackTitle "CM"]
[WhiteElo "2480"]
[BlackElo "2385"]
[WhiteFideId "24108260"]
[BlackFideId "45087822"]
[EventDate "2024.12.03"]

1. Nf3 Nf6 2. c4 e6 3. g3 b6 4. Bg2 Bb7 5. O-O c5 6. Nc3 Be7 7. d4 cxd4 8. Qxd4
d6 9. Bg5 h6 10. Bxf6 Bxf6 11. Qf4 a6 12. Rfd1 Ke7 13. Qe3 Nd7 14. Rd2 Bxc3 15.
Qxc3 Nf6 16. Rad1 Ne8 17. Nd4 Bxg2 18. Kxg2 Qc7 19. Qf3 Rc8 20. b4 a5 21. bxa5
bxa5 22. Rb1 Qxc4 23. Rb7+ Rc7 24. Rc2 Qxd4 25. Rcxc7+ Nxc7 26. Rxc7+ Kd8 27.
Rb7 Re8 28. Qxf7 Qe4+ 29. Kg1 1-0

[Event "Qatar Masters Open 2024"]
[Site "Doha QAT"]
[Date "2024.12.09"]
[Round "6.30"]
[White "Ayush, Sharma"]
[Black "Moksh, Amit Doshi"]
[Result "1-0"]
[WhiteTitle "IM"]
[BlackTitle "IM"]
[WhiteElo "2466"]
[BlackElo "2383"]
[WhiteFideId "45010943"]
[BlackFideId "25064967"]
[EventDate "2024.12.03"]

1. e4 e5 2. Nf3 Nc6 3. Bb5 a6 4. Ba4 Nf6 5. O-O Be7 6. Re1 b5 7. Bb3 O-O 8. c3
d5 9. exd5 Nxd5 10. Nxe5 Nxe5 11. Rxe5 c6 12. d3 Bd6 13. Re1 Bf5 14. g3 Qf6 15.
Nd2 Qg6 16. Nf3 Bg4 17. Nh4 Qh5 18. f3 Bh3 19. a4 Rae8 20. axb5 axb5 21. Ra6 Bd7
22. Re4 Nf6 23. Rxe8 Rxe8 24. d4 Nd5 25. Bd2 h6 26. Qf1 Ne3 27. Bxe3 Rxe3 28.
Ra8+ Kh7 29. Qb1+ g6 30. Bxf7 Kg7 31. Bxg6 Qg5 32. Bh7 Be6 33. Kf2 1-0

[Event "Qatar Masters Open 2024"]
[Site "Doha QAT"]
[Date "2024.12.09"]
[Round "6.31"]
[White "Suyarov, Mukhammadzokhid"]
[Black "Balajayeva, Khanim"]
[Result "1-0"]
[WhiteTitle "IM"]
[BlackTitle "IM"]
[WhiteElo "2466"]
[BlackElo "2362"]
[WhiteFideId "14210495"]
[BlackFideId "13406396"]
[EventDate "2024.12.03"]

1. Nf3 d5 2. g3 Nf6 3. Bg2 e6 4. O-O Be7 5. d3 O-O 6. Nbd2 Nc6 7. e4 dxe4 8.
dxe4 e5 9. Qe2 Bc5 10. c3 a5 11. Nc4 Qe7 12. Ne3 Be6 13. Ng5 Bd7 14. Nd5 Nxd5
15. exd5 Nd8 16. Ne4 Ba7 17. Rd1 f5 18. d6 cxd6 19. Bg5 Qe6 20. Nc5 Qe8 21. Nxd7
Qxd7 22. Qxe5 dxe5 23. Rxd7 e4 24. Bf1 h6 25. Bc4+ Kh8 26. Be7 Re8 27. Rad1 Nc6
28. Bd6 Rad8 29. Bc7 Rxd7 30. Rxd7 e3 31. fxe3 Bxe3+ 32. Kf1 Bc1 33. b3 Ne5 34.
Bf7 Nxf7 35. Rxf7 a4 36. Bb6 axb3 37. axb3 g5 38. Bd4+ Kg8 39. Rg7+ Kf8 40. Rxb7
Bd2 41. Rb6 Re1+ 42. Kf2 Rb1 43. Ke2 Rb2 44. Kd3 f4 45. c4 Ra2 46. Rxh6 Ke8 47.
gxf4 Bxf4 48. h4 gxh4 49. Rxh4 Bg3 50. Re4+ Kd7 51. c5 Kc6 52. Kc4 Rc2+ 53. Bc3
Bf2 54. b4 Kc7 55. Re7+ Kd8 56. Rf7 Kc8 57. Kd3 Ra2 58. Be5 Bg1 59. Kc4 Re2 60.
Kd5 Kd8 61. Rf8+ Ke7 62. Bd6+ 1-0

[Event "Qatar Masters Open 2024"]
[Site "Doha QAT"]
[Date "2024.12.09"]
[Round "6.32"]
[White "Swayams, Mishra"]
[Black "Zhu, Hengyi"]
[Result "0-1"]
[WhiteTitle "GM"]
[WhiteElo "2456"]
[BlackElo "2361"]
[WhiteFideId "5028183"]
[BlackFideId "8611211"]
[EventDate "2024.12.03"]

1. d4 Nf6 2. c4 e6 3. Nc3 Bb4 4. e3 O-O 5. Bd3 d5 6. a3 Bxc3+ 7. bxc3 dxc4 8.
Bxc4 c5 9. Ne2 Qc7 10. Bd3 Nc6 11. f4 b6 12. O-O Bb7 13. Ng3 Na5 14. e4 cxd4 15.
cxd4 Qc3 16. Ra2 Qxd4+ 17. Kh1 Nc4 18. Qe2 Rac8 19. Rc2 b5 20. e5 Nd5 21. Rf3
Rfd8 22. Ne4 Nxf4 23. Bxf4 Bxe4 24. Bxe4 Qxe4 25. h4 Qxe2 26. Rxe2 Rd4 27. h5 h6
28. Kh2 Nxa3 29. Bxh6 gxh6 30. Rxa3 Rc7 31. Rea2 Rh4+ 32. Kg3 Rxh5 33. Kf4 Rc4+
34. Kf3 Rf5+ 35. Kg3 Rc7 36. Rxa7 Rxa7 37. Rxa7 Rxe5 38. Rb7 Kg7 39. Kf4 Rd5 40.
Rb8 h5 41. g3 Kf6 42. Ke4 Rg5 43. Kf3 Rc5 44. Rb7 Rc3+ 45. Kg2 Rb3 46. Kh3 Rb1
47. Kh2 b4 48. Rb5 e5 49. Rb6+ Kg7 50. Kh3 f6 51. g4 hxg4+ 52. Kxg4 Kg6 53. Kf3
b3 54. Kg2 b2 55. Rb4 e4 56. Rb3 f5 57. Rb6+ Kg5 58. Rb3 f4 59. Rb5+ Kg4 60. Rb4
e3 0-1

[Event "Qatar Masters Open 2024"]
[Site "Doha QAT"]
[Date "2024.12.09"]
[Round "6.33"]
[White "Bukreev, Stanislav"]
[Black "Garifullina, Leya"]
[Result "1/2-1/2"]
[WhiteTitle "FM"]
[BlackTitle "IM"]
[WhiteElo "2384"]
[BlackElo "2451"]
[WhiteFideId "34252347"]
[BlackFideId "34127035"]
[EventDate "2024.12.03"]

1. d4 Nf6 2. c4 e6 3. Nf3 d5 4. Nc3 a6 5. cxd5 exd5 6. Bg5 Be6 7. e3 Nbd7 8. Bd3
Bd6 9. h3 c6 10. Bf4 Qc7 11. Bxd6 Qxd6 12. O-O O-O 13. Qc2 h6 14. Rfc1 Rfc8 15.
Na4 b6 16. Qe2 a5 17. Rc2 c5 18. b3 Rab8 19. Nb2 Ne4 20. Rac1 Ndf6 21. Ba6 Rc7
22. Ne5 Bf5 23. Na4 Ng5 24. Bd3 Bxd3 25. Qxd3 Ne6 26. Qf5 Rbc8 27. Nc3 Qe7 28.
Nb5 Rb7 29. a4 g6 30. Qd3 Kg7 31. Qc3 Ne4 32. Qb2 Kh7 33. Rd1 f6 34. Nf3 Rd8 35.
Qc1 Kg7 36. Rd3 h5 37. Qe1 Rbd7 38. Rd1 Ra8 39. Rdc1 Kf7 40. Qe2 Kg7 41. Rd1
Rad8 42. Rdc1 Kf7 43. Ne1 Nd6 44. Nf3 Ne4 45. Qd3 Kg7 46. Nh4 Qf7 47. Nf3 1/2-1/2

[Event "Qatar Masters Open 2024"]
[Site "Doha QAT"]
[Date "2024.12.09"]
[Round "6.34"]
[White "Zou, Chen"]
[Black "Tyurin, Artem"]
[Result "1/2-1/2"]
[WhiteTitle "IM"]
[BlackTitle "FM"]
[WhiteElo "2449"]
[BlackElo "2356"]
[WhiteFideId "8610959"]
[BlackFideId "44130112"]
[EventDate "2024.12.03"]

1. e4 e5 2. Nf3 Nc6 3. Bb5 Nf6 4. d3 Bc5 5. c3 O-O 6. O-O d6 7. h3 Bb6 8. Re1
Ne7 9. d4 d5 10. Nxe5 Nxe4 11. Nd2 Nd6 12. Bd3 f6 13. Nef3 Bf5 14. Nb3 Ng6 15.
Nc5 Qc8 16. Bxf5 Nxf5 17. Qd3 Nd6 18. b3 c6 19. Ba3 Bxc5 20. Bxc5 Qd7 21. Bxd6
Qxd6 22. Qf5 Rfe8 23. h4 Nf4 24. Kf1 g6 25. Qg4 Nd3 26. Rxe8+ Rxe8 27. Rd1 Qe7
28. Rxd3 Qe2+ 29. Kg1 Qxd3 30. Qd7 Qb1+ 1/2-1/2

[Event "Qatar Masters Open 2024"]
[Site "Doha QAT"]
[Date "2024.12.09"]
[Round "6.35"]
[White "Khamdamova, Afruza"]
[Black "Aaditya, Dhingra"]
[Result "1/2-1/2"]
[WhiteTitle "WIM"]
[BlackTitle "IM"]
[WhiteElo "2354"]
[BlackElo "2448"]
[WhiteFideId "14210444"]
[BlackFideId "25678191"]
[EventDate "2024.12.03"]

1. e4 c5 2. Nf3 d6 3. d4 cxd4 4. Nxd4 Nf6 5. Nc3 Nc6 6. Bg5 e6 7. Qd2 a6 8.
O-O-O Be7 9. h4 O-O 10. f3 Nxd4 11. Qxd4 Qc7 12. g4 b5 13. Be3 Rb8 14. Qd2 b4
15. Ne2 Bb7 16. Nd4 d5 17. e5 Nd7 18. f4 Nc5 19. Bd3 Ne4 20. Qh2 a5 21. f5 Bc5
22. Rhe1 a4 23. Bxe4 dxe4 24. Kb1 Bd5 25. b3 Rfc8 26. h5 Bf8 27. g5 exf5 28.
Nxf5 Be6 29. Nd6 Rd8 30. h6 g6 31. Qf4 Be7 32. Qxe4 Qa5 33. Qd4 Ra8 34. Qb2 Rd7
35. Rd2 Rc7 36. Rf2 Rc3 37. Bd2 axb3 38. cxb3 Rd3 39. Bc1 Rc3 40. Bd2 Rd3 41.
Bc1 Qd5 42. Nc4 Bc5 43. Rf4 Rf3 44. Rxf3 Qxf3 45. Be3 Be7 46. Nd6 Qg3 47. Qf2
Qxf2 48. Bxf2 Bxg5 49. Be3 Bh4 50. Rc1 Bg3 51. Rc5 Be1 52. Bf4 Kf8 53. Rc7 Bh4
54. Rb7 g5 55. Bd2 g4 56. Rxb4 Bf2 57. Ne4 Bf5 58. Ka1 Bg1 59. Bf4 Rd8 60. Nd6
Be6 61. Bg3 Be3 62. a4 Ra8 63. Bf4 Bc5 64. Re4 Bxb3 65. Be3 Bxe3 66. Rxe3 Bxa4
67. Kb2 Bd7 68. Ne4 Bf5 69. Nf6 Ke7 70. Nd5+ Kf8 71. Kc3 Rd8 72. Nf6 Ke7 73. Nh5
Rg8 74. Ng7 Bd7 75. Re4 g3 76. Re3 Ra8 77. Kb2 g2 78. Rg3 Ra6 79. Rxg2 Rxh6 80.
Rg5 Rh2+ 81. Kc3 h6 82. Rg1 h5 83. Rg5 h4 84. Nf5+ Bxf5 85. Rxf5 Ke6 86. Rh5 h3
87. Kd4 Rd2+ 88. Ke3 Ra2 89. Ke4 Ra4+ 90. Kf3 Kd5 91. Kg3 Ra3+ 92. Kf4 Kd4 93.
Rh7 Ra1 94. Rxh3 Rf1+ 95. Kg4 Kxe5 96. Re3+ Kd4 97. Re8 Rf6 98. Re7 Rf1 99. Kg3
f5 100. Re8 Kd3 101. Re7 Rg1+ 102. Kf4 Rf1+ 103. Kg3 Kd4 104. Re8 Kd5 105. Re7
Kd6 106. Re8 1/2-1/2

[Event "Qatar Masters Open 2024"]
[Site "Doha QAT"]
[Date "2024.12.09"]
[Round "6.36"]
[White "Nigmatov, Ortik"]
[Black "Jin, Yueheng"]
[Result "1-0"]
[WhiteTitle "IM"]
[BlackTitle "IM"]
[WhiteElo "2447"]
[BlackElo "2309"]
[WhiteFideId "14202131"]
[BlackFideId "8616868"]
[EventDate "2024.12.03"]

1. e4 e5 2. Nf3 Nc6 3. Bc4 Bc5 4. O-O Nf6 5. d3 d6 6. c3 a6 7. Bb3 Ba7 8. Nbd2
O-O 9. h3 h6 10. Re1 Re8 11. Nf1 Be6 12. Bc2 d5 13. exd5 Qxd5 14. Ng3 Rad8 15.
b4 Bc8 16. a4 b5 17. Bd2 Qd6 18. axb5 axb5 19. Qe2 Bb6 20. Rad1 Qe6 21. Nh4 Qa2
22. Bb1 Qb3 23. Nhf5 Ne7 24. Nxg7 Kxg7 25. Ba2 Qa3 26. Ra1 Qa7 27. d4 Neg8 28.
Nh5+ Nxh5 29. Qxh5 c6 30. Bxh6+ Nxh6 31. Qg5+ Kh7 32. Bb1+ f5 33. Rxa7+ Bxa7 34.
Rxe5 Rxe5 35. Qxd8 Re1+ 36. Kh2 Bb8+ 37. g3 Be6 38. Qe7+ Kg6 39. Ba2 Bxa2 40.
Qxe1 Kf7 41. Qd2 1-0

[Event "Qatar Masters Open 2024"]
[Site "Doha QAT"]
[Date "2024.12.09"]
[Round "6.37"]
[White "Moosavifar, Seyed Abolfazl"]
[Black "Shyaam Nikhil P"]
[Result "0-1"]
[WhiteTitle "FM"]
[BlackTitle "GM"]
[WhiteElo "2308"]
[BlackElo "2445"]
[WhiteFideId "42548195"]
[BlackFideId "5024218"]
[EventDate "2024.12.03"]

1. e4 c5 2. Nf3 e6 3. d4 cxd4 4. Nxd4 a6 5. Bd3 Bc5 6. Nb3 Ba7 7. Qe2 Nc6 8. Be3
Nge7 9. O-O d6 10. a4 O-O 11. Nc3 Bxe3 12. Qxe3 b6 13. f4 Nb4 14. f5 Nec6 15. f6
gxf6 16. Rf3 Kh8 17. e5 f5 18. Rh3 f6 19. exd6 Ne5 20. Bf1 Qxd6 21. Rd1 Qc7 22.
Qh6 Rf7 23. Qf4 Nbc6 24. Be2 Bb7 25. Nd4 Nxd4 26. Rxd4 Qc5 27. b4 Qc7 28. Rg3
Rc8 29. Qh6 Qe7 30. Qd2 Rff8 31. Nd1 Rfd8 32. c3 Rxd4 33. Qxd4 Rd8 34. Qe3 Qd6
35. Qh6 Qf8 36. Qe3 Rd7 37. Nf2 Rd6 38. Nh3 Ng6 39. Nf4 Nxf4 40. Qxf4 a5 41. h3
Be4 42. Bc4 Qe7 43. Kh2 Rd8 44. Re3 Qd6 45. Qxd6 Rxd6 46. Re2 Rc6 47. Ba2 e5 48.
Re3 axb4 49. Rg3 Rc8 50. cxb4 f4 51. Ra3 Rc2 52. Kg1 Rxg2+ 53. Kf1 Rg3 54. Rxg3
fxg3 55. a5 bxa5 56. bxa5 f5 57. Bc4 f4 58. a6 f3 59. a7 Ba8 60. Ke1 e4 0-1

[Event "Qatar Masters Open 2024"]
[Site "Doha QAT"]
[Date "2024.12.09"]
[Round "6.38"]
[White "Gan-Erdene, Sugar"]
[Black "Heinemann, Josefine"]
[Result "1-0"]
[WhiteTitle "IM"]
[BlackTitle "WGM"]
[WhiteElo "2437"]
[BlackElo "2305"]
[WhiteFideId "4902980"]
[BlackFideId "12900460"]
[EventDate "2024.12.03"]

1. e4 e5 2. Nf3 Nc6 3. Bb5 a6 4. Ba4 Nf6 5. O-O Be7 6. d3 b5 7. Bb3 d6 8. c3 O-O
9. a4 Bd7 10. Bc2 Re8 11. Re1 h6 12. h3 Bf8 13. Nbd2 d5 14. d4 dxe4 15. Nxe4
exd4 16. axb5 Nxe4 17. Bxe4 axb5 18. Rxa8 Qxa8 19. Nxd4 b4 20. Bf4 bxc3 21. bxc3
Qa6 22. Nf3 Qc8 23. Qd3 Nb8 24. Rb1 Qa6 25. Bxc7 Qxd3 26. Bxd3 Nc6 27. Rd1 Rc8
28. Bf4 Be6 29. Ba6 Ra8 30. Bb7 Ra4 31. Nd4 Nxd4 32. cxd4 Bb3 33. Rd2 f6 34. Bc6
Ra1+ 35. Kh2 g5 36. Bg3 f5 37. Be5 Bg7 38. Bxg7 Kxg7 39. d5 Rd1 40. Rxd1 Bxd1
41. d6 Kf6 42. h4 Ke6 43. d7 Ke7 44. f3 Bb3 45. hxg5 hxg5 46. Kg3 Bc4 47. f4
gxf4+ 48. Kxf4 Bf1 49. g3 Bd3 50. Ke5 Bc2 51. Bb5 Bb1 52. Ba4 Bd3 53. Kd4 Bb1
54. Bb5 Bc2 55. Kc5 Be4 56. Ba4 Bd3 57. Kc6 Kd8 58. Kd6 Be4 59. Bb3 Bf3 60. Be6
Bg4 61. Ke5 Bh3 62. Bxf5 Bf1 63. Kf6 Be2 64. g4 Bd1 65. g5 Bb3 66. g6 Bc4 67. g7
Bg8 68. Be6 Bh7 69. Kf7 1-0

[Event "Qatar Masters Open 2024"]
[Site "Doha QAT"]
[Date "2024.12.09"]
[Round "6.39"]
[White "Mammadzada, Gunay"]
[Black "Manish Anto, Cristiano F"]
[Result "1/2-1/2"]
[WhiteTitle "IM"]
[BlackTitle "IM"]
[WhiteElo "2421"]
[BlackElo "2296"]
[WhiteFideId "13403729"]
[BlackFideId "25095927"]
[EventDate "2024.12.03"]

1. e4 c5 2. Nf3 d6 3. d4 cxd4 4. Nxd4 Nf6 5. Nc3 Nc6 6. Bc4 Qb6 7. Nb3 e6 8. O-O
Be7 9. a4 O-O 10. Be2 Bd7 11. Bf4 Ne5 12. a5 Qc7 13. a6 bxa6 14. Rxa6 Rfc8 15.
Qa1 Bc6 16. Nd4 Bxe4 17. Nxe4 Nxe4 18. c3 Qb7 19. Nb5 Nc4 20. Rxa7 Rxa7 21. Qxa7
Qxb5 22. Qxe7 d5 23. Bc1 Qb6 24. Bxc4 dxc4 25. Qh4 Nf6 26. Bh6 Ne8 27. Bc1 Qd8
28. Qg3 Qd5 29. h3 Rd8 30. Re1 f6 31. Qg4 e5 32. Be3 Nc7 33. Bb6 Qc6 1/2-1/2

[Event "Qatar Masters Open 2024"]
[Site "Doha QAT"]
[Date "2024.12.09"]
[Round "6.40"]
[White "Daakshin, Arun"]
[Black "Harsh, Suresh"]
[Result "1/2-1/2"]
[WhiteTitle "FM"]
[BlackTitle "IM"]
[WhiteElo "2286"]
[BlackElo "2420"]
[WhiteFideId "366195016"]
[BlackFideId "45018464"]
[EventDate "2024.12.03"]

1. d4 d5 2. c4 e6 3. Nc3 h6 4. cxd5 exd5 5. Bf4 c6 6. e3 Bf5 7. f3 Bh7 8. Bd3
Bxd3 9. Qxd3 Bd6 10. Bxd6 Qxd6 11. Nge2 Ne7 12. O-O Na6 13. Rad1 O-O 14. e4 c5
15. Qb5 dxe4 16. fxe4 Qc6 17. d5 Qxb5 18. Nxb5 Ng6 19. Rf5 Rfd8 20. Nec3 f6 21.
d6 Rd7 22. Rfd5 Ne5 23. b3 b6 24. R5d2 Nb4 25. Nc7 Rad8 26. Ne6 Re8 27. Nc7 Red8
28. Ne6 Rc8 29. Nb5 Nbc6 30. Kf2 Nf7 31. h4 Nfd8 32. Nec7 Kf7 33. a3 Ne6 34. b4
Ned4 35. bxc5 bxc5 36. a4 h5 37. Na6 Nxb5 38. axb5 Nd4 39. Nxc5 Rxc5 40. Rxd4
Rxb5 41. Rd5 Rxd5 42. Rxd5 Ke6 43. Rxh5 Kxd6 44. g4 Kc6 45. g5 fxg5 46. Rxg5 Kb6
47. h5 a5 48. h6 gxh6 49. Rg6+ Kb5 50. Rxh6 a4 51. Ke3 a3 52. Rh1 Kc4 53. e5 a2
54. Ra1 Rd3+ 55. Ke4 Rd2 56. e6 Kb3 57. Ke5 Kb2 58. Rxa2+ Kxa2 59. e7 Kb3 60.
Ke6 Re2+ 1/2-1/2

[Event "Qatar Masters Open 2024"]
[Site "Doha QAT"]
[Date "2024.12.09"]
[Round "6.41"]
[White "Akhmetov, Ayan"]
[Black "Khoder, Akram"]
[Result "1-0"]
[WhiteTitle "IM"]
[BlackTitle "FM"]
[WhiteElo "2417"]
[BlackElo "2232"]
[WhiteFideId "13703706"]
[BlackFideId "5306914"]
[EventDate "2024.12.03"]

1. e4 e5 2. Nf3 Nc6 3. Bb5 a6 4. Ba4 Nf6 5. Nc3 Bc5 6. Bxc6 dxc6 7. Nxe5 Bxf2+
8. Kxf2 Qd4+ 9. Ke1 Qxe5 10. d3 Ng4 11. Qf3 Nxh2 12. Qf4 Ng4 13. Qxe5+ Nxe5 14.
Bf4 Ng6 15. Bxc7 Bg4 16. Na4 b5 17. Nc5 Nf8 18. a4 Ne6 19. Nxe6 Bxe6 20. axb5
cxb5 21. Kd2 O-O 22. b3 f5 23. e5 Rfc8 24. Ba5 Bd5 25. Rh2 Re8 26. c4 Be6 27. g3
Rac8 28. Bb4 Rc6 29. Bd6 h6 30. Ra5 bxc4 31. bxc4 Kf7 32. Kc3 Rec8 33. Ra4 Kg6
34. Rha2 a5 35. Rb2 Kh5 36. Rb7 g5 37. Re7 Bg8 38. c5 Rb6 39. Kd4 Rb5 40. e6 Kg4
41. Ke5+ Kxg3 42. Kxf5+ Kf3 43. d4 Rf8+ 44. Kg6 Ke4 45. Rf7 Rc8 46. e7 Bxf7+ 47.
Kxf7 Rb7 48. Ke6 Ra7 49. d5+ Kf3 50. c6 g4 51. Rf4+ 1-0

[Event "Qatar Masters Open 2024"]
[Site "Doha QAT"]
[Date "2024.12.09"]
[Round "6.42"]
[White "Ajay Santhosh Parvathareddy"]
[Black "Begmuratov, Khumoyun"]
[Result "0-1"]
[WhiteTitle "FM"]
[BlackTitle "IM"]
[WhiteElo "2299"]
[BlackElo "2416"]
[WhiteFideId "25998676"]
[BlackFideId "14210207"]
[EventDate "2024.12.03"]

1. e4 c5 2. Nf3 d6 3. Bb5+ Nd7 4. O-O Nf6 5. Re1 a6 6. Bxd7+ Nxd7 7. c3 e6 8. d4
Be7 9. Bf4 cxd4 10. cxd4 b5 11. a3 O-O 12. Nc3 Nb6 13. Qe2 Bb7 14. Rad1 Rc8 15.
Nd2 Qd7 16. Qg4 f6 17. Nf3 Nc4 18. d5 f5 19. dxe6 fxg4 20. exd7 Rcd8 21. Bg5
Rxd7 22. Bxe7 Rxe7 23. Nd4 Nxb2 24. Rb1 Nd3 25. Re3 Nc5 26. Rd1 g6 27. Nc2 Nxe4
28. Rde1 Rc7 29. Nxe4 Bxe4 30. Nd4 Bd5 31. Rd3 Bc4 32. Rd2 Rfc8 33. f3 gxf3 34.
Nxf3 d5 35. Re6 Rc6 36. Re7 R8c7 37. Re8+ Kf7 38. Re5 Re7 39. Ng5+ Ke8 40. Rxe7+
Kxe7 41. Nxh7 a5 42. Kf2 Kd6 43. Nf6 Ke5 44. Nd7+ Ke4 45. Rd1 b4 46. axb4 axb4
47. Re1+ Kd4 48. Ne5 Rf6+ 49. Nf3+ Kc3 50. Rc1+ Kb2 51. Rd1 Kc2 52. Rd2+ Kc3 53.
Ke1 b3 54. Kd1 Ra6 55. Ke1 Ra1+ 56. Rd1 b2 57. Nd2 Kc2 0-1

[Event "Qatar Masters Open 2024"]
[Site "Doha QAT"]
[Date "2024.12.09"]
[Round "6.43"]
[White "Ahmad, Khagan"]
[Black "Kunal, M."]
[Result "1-0"]
[WhiteTitle "IM"]
[BlackTitle "FM"]
[WhiteElo "2403"]
[BlackElo "2292"]
[WhiteFideId "13431552"]
[BlackFideId "5018250"]
[EventDate "2024.12.03"]

1. Nf3 Nf6 2. c4 e6 3. g3 d5 4. d4 Be7 5. Bg2 O-O 6. O-O dxc4 7. Qc2 a6 8. a4
Bd7 9. Qxc4 Bc6 10. Bf4 Nbd7 11. Nc3 Nb6 12. Qd3 Nbd5 13. Bg5 Nb4 14. Qd1 Ne4
15. Bxe7 Qxe7 16. e3 a5 17. Ne5 Nf6 18. Nxc6 bxc6 19. Na2 Nfd5 20. Nxb4 Nxb4 21.
Rc1 e5 22. Bxc6 Rad8 23. Bg2 exd4 24. exd4 Qf6 25. Rc4 Rfe8 26. Qf3 Qb6 27. Rd1
g6 28. h4 h5 29. d5 Qd6 30. Rf4 Re7 31. Rf6 Qe5 32. Qc3 Rd6 33. Rxd6 cxd6 34.
Bf3 Qxc3 35. bxc3 Na6 36. Rb1 Nc5 37. Rb6 Rd7 38. Bd1 Rb7 39. Rxb7 Nxb7 40. Kf1
Nc5 41. Ke2 Nd7 42. Kd3 Nb6 43. c4 Kf8 44. Kd4 Nd7 45. c5 dxc5+ 46. Kc4 Ke7 47.
Kb5 Kd6 48. Kxa5 Kxd5 49. Kb5 c4 50. a5 Nc5 51. Be2 c3 52. Bd1 Nb7 53. a6 Nd6+
54. Kb6 f6 55. f4 f5 56. Bc2 Nc4+ 57. Kc7 Na3 58. Kd7 Nxc2 59. a7 Kc4 60. a8=Q
Nd4 61. Qa6+ Kb4 62. Qd3 Nb5 63. Kc6 Na3 64. Qd4+ Kb3 65. Kc5 c2 66. Qb4+ Ka2
67. Qc3 1-0

[Event "Qatar Masters Open 2024"]
[Site "Doha QAT"]
[Date "2024.12.09"]
[Round "6.44"]
[White "Petrosyan, Manuel"]
[Black "Munguntuul, Batkhuyag"]
[Result "1-0"]
[WhiteTitle "GM"]
[BlackTitle "IM"]
[WhiteElo "2612"]
[BlackElo "2342"]
[WhiteFideId "13300857"]
[BlackFideId "4900758"]
[EventDate "2024.12.03"]

1. e4 c6 2. Nf3 d5 3. Nc3 dxe4 4. Nxe4 Nf6 5. Qe2 Nxe4 6. Qxe4 Qd5 7. Qh4 Bf5 8.
Bc4 Qd6 9. d3 e6 10. Bf4 Qe7 11. Bg5 Qd6 12. O-O-O Be7 13. Rhe1 Nd7 14. Bxe7
Qxe7 15. Qf4 Bg6 16. Nd4 e5 17. Qe3 O-O 18. f4 Bh5 19. Rd2 Rfe8 20. Qh3 Nf6 21.
fxe5 Qc5 22. Ne6 fxe6 23. exf6 gxf6 24. g4 Bf7 25. Qh6 Qg5 26. Qxg5+ fxg5 27.
Rde2 Rad8 28. Re5 Kg7 29. Rxg5+ Kf6 30. h4 Rg8 31. Rxg8 Rxg8 32. g5+ Ke7 33. d4
h6 34. gxh6 Rh8 35. Kd2 Rxh6 36. Rh1 e5 37. Bxf7 Kxf7 38. dxe5 Rh5 39. Kc3 Rxe5
40. a4 a5 41. h5 Kg7 42. h6+ Kh7 43. Rh4 Rf5 44. b3 Rg5 45. Kc4 b6 46. Rh3 Rg4+
47. Kc3 Rg5 48. b4 axb4+ 49. Kxb4 Rg4+ 50. c4 Rg1 51. a5 Rb1+ 52. Ka4 Ra1+ 53.
Ra3 b5+ 54. cxb5 cxb5+ 55. Kb3 Rb1+ 56. Ka2 Rc1 57. a6 1-0

[Event "Qatar Masters Open 2024"]
[Site "Doha QAT"]
[Date "2024.12.09"]
[Round "6.45"]
[White "Klukin, Kirill"]
[Black "Tissir, Mohamed"]
[Result "1-0"]
[WhiteTitle "IM"]
[BlackTitle "IM"]
[WhiteElo "2413"]
[BlackElo "2342"]
[WhiteFideId "24199273"]
[BlackFideId "9000240"]
[EventDate "2024.12.03"]

1. d4 Nf6 2. c4 g6 3. Nc3 Bg7 4. e4 d6 5. Nf3 O-O 6. Bd3 Bg4 7. Be2 c5 8. d5 a6
9. a4 e5 10. Be3 Qe7 11. h3 Bc8 12. Nd2 Ne8 13. g4 f5 14. gxf5 gxf5 15. exf5
Bxf5 16. Nde4 Nf6 17. Ng3 Bc8 18. Qc2 e4 19. a5 Qe5 20. Qd2 Kh8 21. Na4 Qe8 22.
Nb6 Ra7 23. Bf4 Qd8 24. O-O-O Ne8 25. Bh6 Bxh6 26. Qxh6 Qf6 27. Qe3 Bf5 28. Nxf5
Qxf5 29. Bg4 Qe5 30. Rhg1 Ng7 31. Rde1 Rf4 32. f3 h5 33. Bc8 Nc6 34. dxc6 bxc6
35. fxe4 Raf7 36. Qc3 Qe7 37. Bf5 Qh4 38. Qg3 1-0

[Event "Qatar Masters Open 2024"]
[Site "Doha QAT"]
[Date "2024.12.09"]
[Round "6.46"]
[White "Jain, Kashish Manoj"]
[Black "Amartuvshin, Ganzorig"]
[Result "1-0"]
[WhiteTitle "FM"]
[BlackTitle "IM"]
[WhiteElo "2308"]
[BlackElo "2392"]
[WhiteFideId "35081098"]
[BlackFideId "4902548"]
[EventDate "2024.12.03"]

1. e4 e5 2. Nf3 Nc6 3. Bc4 Nf6 4. Ng5 d5 5. exd5 Na5 6. Bb5+ c6 7. dxc6 bxc6 8.
Bd3 Nd5 9. Nf3 Bd6 10. O-O O-O 11. Re1 Re8 12. Nc3 f5 13. Bf1 e4 14. Nxd5 cxd5
15. Nd4 Qh4 16. g3 Qf6 17. Nb5 Bb8 18. d3 Be6 19. Qh5 Rf8 20. Qg5 Qf7 21. Nd4
Bd7 22. Qd2 Bc7 23. f4 exf3 24. Nxf3 f4 25. gxf4 Nc6 26. Bg2 Qh5 27. Qf2 Bg4 28.
Qg3 Nb4 29. h3 Bf5 30. Nd4 Bb6 31. Be3 Rf6 32. Nxf5 Qxf5 33. Bxb6 axb6 34. Re5
Qxf4 35. Qxf4 Rxf4 36. c3 Nxd3 37. Re3 1-0